| 000 | 00609nam a22001817a 4500 | ||
|---|---|---|---|
| 005 | 20260609162000.0 | ||
| 010 | _aENG-148772 | ||
| 020 |
_a9788180642166 _c300.00 |
||
| 035 | _aEN-132304 | ||
| 037 | _bDBAD | ||
| 082 |
_a809.933585 _21 |
||
| 245 |
_aUniversally Loved Reception of Tagore in North-East India _cEdited by Indranath Choudhuri |
||
| 260 |
_aKolkata _bProgressive Publishers _c2012 |
||
| 270 |
_a37A, College Street _bKolkata _mprogressivepubl@yahoo.co.in |
||
| 300 |
_a195p. _c24cm(hb) |
||
| 700 |
_aChoudhuri, Indranath _eEditor _989348 |
||
| 942 |
_2ddc _cEN _h809.933585 _mUNI |
||
| 999 |
_c216584 _d216584 |
||